List of countries by Magnesium production - Statistics

General Stats
  • This quiz has been taken 63 times
  • The average score is 6 of 11
Answer Stats
Rank Country Production (kt) % Correct
1 China 4.900
100%
2 Russia 400
98%
11 India 60
88%
8 Australia 130
84%
7 Brazil 180
75%
3 Turkey 300
58%
9 Greece 115
42%
4 Spain 280
40%
5/6 Austria 200
18%
5/6 Slovakia 200
14%
10 Korea, North 80
9%
No matching quizzes found
Score Distribution
Percent of People with Each Score
Percentile by Number Answered
Your Score History
You have not taken this quiz